[Event "DEN-ch sf4"]
[Site "Svendborg"]
[Date "2024.03.29"]
[Round "3"]
[White "Horslund, Mikael"]
[Black "Hansen, Erik"]
[Result "0-1"]
[WhiteElo "1839"]
[BlackElo "1811"]
[PlyCount "128"]
[EventDate "2024.03.29"]
[EventType "swiss"]
[EventRounds "7"]
[EventCountry "DEN"]
[SourceTitle "CBM 219 Extra"]
[Source "ChessBase"]
[SourceDate "2024.05.31"]
[SourceVersion "1"]
[SourceVersionDate "2024.05.31"]
[SourceQuality "1"]

1. c4 e6 2. g3 Nf6 3. Bg2 d5 4. d4 c6 5. Nf3 Be7 6. 0-0 0-0 7. Nc3 Nbd7 8. b3 b6 9. Bb2 Bb7 10. Rc1 h6 11. Qc2 Rc8 12. Qb1 Re8 13. Rfd1 Bb4 14. a3 Bxc3 15. Bxc3 Ne4 16. Bb2 f5 17. Ne1 Qg5 18. Nd3 Ndf6 19. Rc2 Ng4 20. Bc1 Qh5 21. h3 Ngf6 22. Bf4 g5 23. Be5 Qg6 24. f3 Nxg3 25. Bxg3 f4 26. Ne5 Qg7 27. Be1 Nd7 28. Nxd7 Qxd7 29. Rcc1 Qf7 30. Qb2 Qf5 31. Bc3 Ba6 32. Bb4 c5 33. dxc5 bxc5 34. Be1 d4 35. Qc2 Qf6 36. Kh2 e5 37. Bf2 Bb7 38. b4 cxb4 39. axb4 Ba6 40. Qd3 h5 41. b5 Bb7 42. c5 Bd5 43. Qa3 g4 44. fxg4 Bxg2 45. Kxg2 hxg4 46. hxg4 Qg5 47. Rg1 Rc7 48. Kf1 Rf7 49. b6 axb6 50. cxb6 f3 51. exf3 e4 52. Rc5 Qe7 53. fxe4 Rxf2+ 54. Kxf2 Rf8+ 55. Kg3 Qd6+ 56. e5 Qh6 57. Qa2+ Rf7 58. Qxf7+ Kxf7 59. Rc7+ Ke8 60. Ra1 Qe3+ 61. Kh4 Qh6+ 62. Kg3 Qe3+ 63. Kg2 Qe4+ 64. Kh3 Qe3+ 0-1

[Event "DEN-ch sf4"]
[Site "Svendborg"]
[Date "2024.03.29"]
[Round "1"]
[White "Jepsen, Thomas Tange"]
[Black "Hansen, Erik"]
[Result "1-0"]
[WhiteElo "2013"]
[BlackElo "1811"]
[PlyCount "67"]
[EventDate "2024.03.29"]
[EventType "swiss"]
[EventRounds "7"]
[EventCountry "DEN"]
[SourceTitle "CBM 219 Extra"]
[Source "ChessBase"]
[SourceDate "2024.05.31"]
[SourceVersion "1"]
[SourceVersionDate "2024.05.31"]
[SourceQuality "1"]

1. e4 c5 2. Nf3 Nc6 3. d4 cxd4 4. Nxd4 Nf6 5. Nc3 a6 6. Be2 e5 7. Nb3 Be7 8. 0-0 0-0 9. Be3 b5 10. Nd5 d6 11. Bf3 Be6 12. Qd2 Bxd5 13. exd5 e4 14. dxc6 exf3 15. gxf3 Qc7 16. Nd4 Nd5 17. Rac1 Bf6 18. c4 Nxe3 19. fxe3 bxc4 20. Rxc4 Rfe8 21. b3 d5 22. Rc3 Re5 23. Kh1 Rae8 24. b4 Rh5 25. f4 Re4 26. a4 Bxd4 27. exd4 Rf5 28. b5 axb5 29. axb5 Re8 30. Re3 Rb8 31. Qe1 h6 32. Re8+ Rxe8 33. Qxe8+ Kh7 34. Qd7 1-0

[Event "DEN-ch Basis G7"]
[Site "Svendborg"]
[Date "2021.10.18"]
[Round "1"]
[White "Hansen, Erik"]
[Black "Skarved, Mattias"]
[Result "1-0"]
[WhiteElo "1775"]
[BlackElo "1437"]
[PlyCount "63"]
[EventDate "2021.10.18"]
[EventType "swiss"]
[EventRounds "7"]
[EventCountry "DEN"]
[SourceTitle "EXT 2025"]
[Source "ChessBase"]
[SourceDate "2024.10.14"]
[SourceVersion "1"]
[SourceVersionDate "2024.10.14"]
[SourceQuality "1"]

1. e4 e5 2. Bc4 Nf6 3. d4 d6 4. dxe5 Ng4 5. Nf3 Nc6 6. 0-0 Ngxe5 7. Nxe5 Nxe5 8. Be2 Bd7 9. f4 Nc6 10. Nc3 a6 11. Be3 Qh4 12. Bf2 Qh6 13. Nd5 0-0-0 14. b4 Qe6 15. b5 axb5 16. Bxb5 Qxe4 17. Re1 Qf5 18. c4 Be6 19. Qa4 Bxd5 20. cxd5 Nb8 21. Rac1 Qxd5 22. Bb6 c6 23. Bxd8 Kxd8 24. Qa5+ Kd7 25. Bxc6+ bxc6 26. Qa7+ Kd8 27. Qxb8+ Kd7 28. Qb7+ Kd8 29. Rxc6 Qxc6 30. Qxc6 Be7 31. Qb6+ Kd7 32. Qb7+ 1-0

[Event "DEN-ch G5-2"]
[Site "Svendborg"]
[Date "2019.04.18"]
[Round "1"]
[White "Nielsen, Mathias"]
[Black "Hansen, Erik"]
[Result "1-0"]
[WhiteElo "1888"]
[BlackElo "1708"]
[PlyCount "83"]
[EventDate "2019.04.18"]
[EventType "swiss"]
[EventRounds "5"]
[EventCountry "DEN"]
[SourceTitle "EXT 2020"]
[Source "ChessBase"]
[SourceDate "2019.10.17"]
[SourceVersion "1"]
[SourceVersionDate "2019.10.17"]
[SourceQuality "1"]

1. e4 c5 2. Nf3 Nc6 3. Bc4 e6 4. c3 d6 5. 0-0 Nf6 6. Re1 Be7 7. d4 cxd4 8. cxd4 0-0 9. Nc3 a6 10. d5 Na5 11. Bf1 b5 12. b4 Nc4 13. Bxc4 bxc4 14. Qd4 exd5 15. exd5 Bg4 16. Nd2 Bh5 17. Nxc4 Nd7 18. Bf4 Bf6 19. Qe3 Qc8 20. Bxd6 Re8 21. Qd3 Qb7 22. Rac1 Bg6 23. Ne4 Kh8 24. Re2 h6 25. Rce1 Ne5 26. Nxe5 Bxe5 27. Qb3 Qd7 28. Bxe5 Rxe5 29. Nc5 Rxe2 30. Rxe2 Qg4 31. Re1 Kh7 32. d6 Qd4 33. Rd1 Re8 34. h3 Qf4 35. d7 Rd8 36. Nb7 Rxd7 37. Rxd7 Qe4 38. Qc3 Qb1+ 39. Kh2 Qxa2 40. Qd4 Qc2 41. Nd6 Qc6 42. Ne8 1-0

[Event "DEN-ch Kort 1"]
[Site "Svendborg"]
[Date "2016.03.20"]
[Round "2"]
[White "Nielsen, Henning"]
[Black "Hansen, Erik"]
[Result "1-0"]
[WhiteElo "2076"]
[BlackElo "1813"]
[PlyCount "77"]
[EventDate "2016.03.19"]
[EventType "swiss"]
[EventRounds "5"]
[EventCountry "DEN"]
[SourceTitle "EXT 2023"]
[Source "ChessBase"]
[SourceDate "2022.10.05"]
[SourceVersion "1"]
[SourceVersionDate "2022.10.05"]
[SourceQuality "1"]

1. e4 c5 2. Nf3 Nc6 3. d4 cxd4 4. Nxd4 e5 5. Nb5 a6 6. Nd6+ Bxd6 7. Qxd6 Qf6 8. Qa3 Qg6 9. Be3 Qxe4 10. Nc3 Qb4 11. Qxb4 Nxb4 12. 0-0-0 Ne7 13. a3 Nbc6 14. Bc5 0-0 15. Nd5 d6 16. Nxe7+ Nxe7 17. Bxd6 Re8 18. Bxe7 Bf5 19. Bb4 Rac8 20. Bc3 f6 21. f3 e4 22. fxe4 Bxe4 23. Rg1 Bg6 24. Bd3 Bxd3 25. Rxd3 Re2 26. Rd2 Re6 27. g4 Rce8 28. Rdg2 Re2 29. h4 R2e4 30. g5 f5 31. h5 f4 32. Rf2 Rf8 33. Rd1 Rf5 34. g6 hxg6 35. hxg6 Kf8 36. Bb4+ Ke8 37. Rh2 f3 38. Rh8+ Rf8 39. Rxf8# 1-0